00505nam a2200157 a 4500008004100000050001300041110001500054245009800069260003800167300000900205350000900214362001200223490003500235650004500270650003200315081022s1980 ||||||||||||||||| || u aIBRD(08) aWorld Bank14aThe newly-industrializing developing countries after the oil crisiscPrepared by Bela Balassa aWashington, D.CbWorld Bankc1980 a57p. a0.001 ano. 437 aWorld Bank Staff working paper aDEVELOPING COUNTRIES--OIL CRISIS 1973-74 0aAFRICA--ECONOMIC CONDITIONS